[Event "GER-chT U12"]
[Site "Verden"]
[Date "2012.12.30"]
[Round "7.3"]
[White "Timpel, Kaan"]
[Black "Faal, Marcel"]
[Result "0-1"]
[WhiteElo "939"]
[BlackElo "1261"]
[PlyCount "98"]
[EventDate "2012.12.27"]
[EventType "team-swiss"]
[EventRounds "7"]
[EventCountry "GER"]
[SourceTitle "EXT 2014"]
[Source "ChessBase"]
[SourceDate "2013.11.20"]
[SourceVersion "1"]
[SourceVersionDate "2013.11.20"]
[SourceQuality "1"]
[WhiteTeam "Schoeneck"]
[BlackTeam "Worms"]
[WhiteTeamCountry "GER"]
[BlackTeamCountry "GER"]

1. e4 c5 2. Bc4 e6 3. Nc3 Nc6 4. Nf3 Nf6 5. d3 d5 6. Bb3 Be7 7. Bg5 dxe4 8. Nxe4 Nxe4 9. Bxe7 Qxe7 10. dxe4 0-0 11. 0-0 Rd8 12. Qe2 Nd4 13. Nxd4 cxd4 14. Rad1 e5 15. Rd3 h6 16. Rfd1 b6 17. Qh5 Rf8 18. c3 Ba6 19. R3d2 dxc3 20. bxc3 Bb7 21. Bd5 Bxd5 22. Rxd5 Rad8 23. h3 Rxd5 24. Rxd5 f6 25. Qd1 Rc8 26. Qb3 Kh7 27. a3 Rd8 28. c4 Rc8 29. Qd3 Qc7 30. Rd7 Qxc4 31. Qxc4 Rxc4 32. Rxa7 Rxe4 33. Rb7 Re1+ 34. Kh2 Ra1 35. Rxb6 Rxa3 36. h4 Ra2 37. f3 Ra4 38. Kg3 Kg6 39. Rb7 Ra8 40. Kg4 h5+ 41. Kg3 Rf8 42. Rb6 Kh6 43. Re6 g5 44. Kh3 Kg6 45. Kg3 Kf5 46. Re7 Rg8 47. Kh3 gxh4 48. Rh7 Kg5 49. g4 hxg3 0-1

[Event "GER-chT U12"]
[Site "Verden"]
[Date "2012.12.29"]
[Round "5.3"]
[White "Faal, Marcel"]
[Black "Simon, Tim"]
[Result "0-1"]
[WhiteElo "1261"]
[BlackElo "1479"]
[PlyCount "82"]
[EventDate "2012.12.27"]
[EventType "team-swiss"]
[EventRounds "7"]
[EventCountry "GER"]
[SourceTitle "EXT 2014"]
[Source "ChessBase"]
[SourceDate "2013.11.20"]
[SourceVersion "1"]
[SourceVersionDate "2013.11.20"]
[SourceQuality "1"]
[WhiteTeam "Worms"]
[BlackTeam "Leipzig SG"]
[WhiteTeamCountry "GER"]
[BlackTeamCountry "GER"]

1. e4 e6 2. d4 d5 3. e5 c5 4. c3 Nc6 5. Nf3 Qb6 6. Bd3 Bd7 7. 0-0 cxd4 8. Nxd4 Nxd4 9. cxd4 Qxd4 10. Qe2 Qb6 11. Be3 Bc5 12. Bc1 Ne7 13. Nc3 0-0-0 14. a3 Nc6 15. Na4 Qa5 16. Nxc5 Qxc5 17. b4 Qe7 18. Be3 Kb8 19. Bc5 Qh4 20. Bd6+ Ka8 21. Rfc1 f6 22. b5 Nd4 23. Qb2 Rc8 24. b6 Nc6 25. bxa7 Nxa7 26. Rcb1 Bc6 27. a4 fxe5 28. Bb5 Qd4 29. Qb3 Qb6 30. Qa3 Qd4 31. Bc5 Qd2 32. Bxa7 Kxa7 33. Qc5+ Ka8 34. Qb6 Qd4 35. Qa5+ Qa7 36. Qb4 Rhf8 37. Rb2 Rf4 38. Qd6 Bxb5 39. Rxb5 Qxf2+ 40. Kh1 Qf1+ 41. Rxf1 Rxf1# 0-1

[Event "GER-chT U12"]
[Site "Verden"]
[Date "2012.12.29"]
[Round "6.3"]
[White "Faal, Marcel"]
[Black "Triantafillidis, Simeon"]
[Result "0-1"]
[WhiteElo "1261"]
[BlackElo "1219"]
[PlyCount "70"]
[EventDate "2012.12.27"]
[EventType "team-swiss"]
[EventRounds "7"]
[EventCountry "GER"]
[SourceTitle "EXT 2014"]
[Source "ChessBase"]
[SourceDate "2013.11.20"]
[SourceVersion "1"]
[SourceVersionDate "2013.11.20"]
[SourceQuality "1"]
[WhiteTeam "Worms"]
[BlackTeam "Biberach"]
[WhiteTeamCountry "GER"]
[BlackTeamCountry "GER"]

1. e4 e5 2. Nf3 Nc6 3. Bb5 a6 4. Bxc6 bxc6 5. Nc3 Nf6 6. d4 exd4 7. Nxd4 Bc5 8. 0-0 0-0 9. Be3 Bb6 10. Qd2 Bb7 11. Nf3 c5 12. Qd3 Re8 13. Nd2 Qe7 14. f3 d5 15. Bg5 c4+ 16. Kh1 cxd3 17. cxd3 h6 18. Bf4 dxe4 19. dxe4 Rad8 20. Nb3 c5 21. Rfe1 c4 22. Nc1 Bc7 23. Be3 Qd6 24. Bg1 Qd2 25. N1e2 Qxb2 26. Rab1 Qa3 27. Rxb7 Ba5 28. Rc1 Bxc3 29. Rxc3 Qxa2 30. Ng3 Rd1 31. Re3 Qf2 32. Ne2 Qxe3 33. Rb2 c3 34. Ra2 Rb8 35. h3 Rb2 0-1

[Event "GER-chT U12"]
[Site "Verden"]
[Date "2012.12.27"]
[Round "1.3"]
[White "Schumacher, Simon"]
[Black "Faal, Marcel"]
[Result "0-1"]
[WhiteElo "1142"]
[BlackElo "1261"]
[PlyCount "122"]
[EventDate "2012.12.27"]
[EventType "team-swiss"]
[EventRounds "7"]
[EventCountry "GER"]
[SourceTitle "EXT 2014"]
[Source "ChessBase"]
[SourceDate "2013.11.20"]
[SourceVersion "1"]
[SourceVersionDate "2013.11.20"]
[SourceQuality "1"]
[WhiteTeam "Wadern Turm"]
[BlackTeam "Worms"]
[WhiteTeamCountry "GER"]
[BlackTeamCountry "GER"]

1. e4 c5 2. d4 cxd4 3. Qxd4 Nc6 4. Qc3 e6 5. Bd2 Nf6 6. e5 Ne4 7. Qe3 Nxd2 8. Nxd2 g6 9. Ngf3 Bg7 10. Bd3 0-0 11. 0-0 d5 12. Rfe1 Bd7 13. Qc5 Qc7 14. Rad1 b6 15. Qc3 Rac8 16. b3 Qb8 17. Ba6 Rc7 18. Bd3 Nxe5 19. Qb4 Nxf3+ 20. Nxf3 Bc3 21. Qf4 Bxe1 22. Rxe1 Qd8 23. Qh6 Qf6 24. Ng5 Qg7 25. Qh4 h6 26. Nf3 Re8 27. Qg3 Rcc8 28. Ne5 Rcd8 29. Nxd7 Rxd7 30. Bb5 Rdd8 31. Bxe8 Rxe8 32. Qc7 f6 33. Qc6 Qe7 34. a4 Kf8 35. Kf1 Kf7 36. Kg1 Qc5 37. Qxc5 bxc5 38. c3 e5 39. b4 cxb4 40. cxb4 e4 41. Rd1 Rd8 42. b5 d4 43. a5 d3 44. b6 axb6 45. axb6 Rb8 46. Rb1 Ke6 47. Kf1 Kd6 48. Ke1 Kc6 49. Kd2 Rxb6 50. Rxb6+ Kxb6 51. h3 Kc5 52. Kc3 f5 53. g3 Kd5 54. f4 g5 55. fxg5 hxg5 56. h4 gxh4 57. gxh4 Ke5 58. Kd2 Kf4 59. Ke1 e3 60. Kd1 e2+ 61. Kd2 Kg4 0-1

[Event "GER-ch U10"]
[Site "Oberhof"]
[Date "2012.05.29"]
[Round "6"]
[White "Faal, Marcel"]
[Black "Preissler, Niklas"]
[Result "1-0"]
[WhiteElo "1169"]
[BlackElo "1393"]
[PlyCount "149"]
[EventDate "2012.05.27"]
[EventType "swiss"]
[EventRounds "11"]
[EventCountry "GER"]
[SourceTitle "CBM 148 Extra"]
[Source "ChessBase"]
[SourceDate "2012.06.22"]
[SourceVersion "1"]
[SourceVersionDate "2012.06.22"]
[SourceQuality "1"]

1. e4 c5 2. Nf3 d6 3. d4 cxd4 4. Nxd4 Nf6 5. Nc3 a6 6. Be3 e6 7. f3 Be7 8. Qd2 b5 9. a3 Bb7 10. 0-0-0 Qc7 11. g4 Nc6 12. Nb3 Ne5 13. Nd4 Nc4 14. Bxc4 Qxc4 15. h4 Rc8 16. Qd3 Qc7 17. h5 Nd7 18. g5 Ne5 19. Qe2 Nc4 20. g6 Nxe3 21. gxf7+ Kxf7 22. Qxe3 Bf6 23. f4 Rhf8 24. Rhf1 Ke7 25. Qh3 Bxd4 26. Rxd4 Qc5 27. Qh4+ Kd7 28. Rfd1 Rc6 29. e5 d5 30. Qg4 Ke8 31. Qxg7 Qe7 32. Qxe7+ Kxe7 33. h6 Rg8 34. Rh1 Rcc8 35. Rh2 Rg4 36. Rh5 Rcg8 37. Rh1 Rg2 38. Rd2 Rxd2 39. Kxd2 d4 40. Rh3 dxc3+ 41. Rxc3 Rd8+ 42. Ke2 Rd7 43. Rg3 Be4 44. c3 Bg6 45. Kf2 Rd2+ 46. Ke1 Rxb2 47. Kf1 Rb3 48. Rxg6 Rxc3 49. Rg7+ Kf8 50. Rxh7 Rxa3 51. Kg2 Kg8 52. Re7 b4 53. Rxe6 b3 54. Rb6 Ra2+ 55. Kf3 Rh2 56. e6 Kf8 57. Rb8+ Ke7 58. h7 b2 59. Rxb2 Rxh7 60. Rb7+ Kxe6 61. Rxh7 a5 62. Ra7 a4 63. Rxa4 Kf6 64. Ra5 Ke6 65. f5+ Kf6 66. Kg4 Ke7 67. Ra6 Kf7 68. Kg5 Kg7 69. Ra7+ Kf8 70. Kf6 Kg8 71. Kg6 Kf8 72. f6 Ke8 73. Kg7 Kd8 74. f7 Kc8 75. f8R# 1-0

[Event "GER-ch U10"]
[Site "Oberhof"]
[Date "2012.05.29"]
[Round "5"]
[White "Fischer, Elias"]
[Black "Faal, Marcel"]
[Result "1/2-1/2"]
[WhiteElo "1377"]
[BlackElo "1169"]
[PlyCount "73"]
[EventDate "2012.05.27"]
[EventType "swiss"]
[EventRounds "11"]
[EventCountry "GER"]
[SourceTitle "CBM 148 Extra"]
[Source "ChessBase"]
[SourceDate "2012.06.22"]
[SourceVersion "1"]
[SourceVersionDate "2012.06.22"]
[SourceQuality "1"]

1. e4 c5 2. Nf3 Nc6 3. d4 cxd4 4. Nxd4 Nf6 5. Nc3 e5 6. Nxc6 bxc6 7. Bc4 Bb4 8. Qf3 Bxc3+ 9. Qxc3 Qc7 10. Qd3 0-0 11. 0-0 Bb7 12. Bg5 Nxe4 13. Bxf7+ Rxf7 14. Qxe4 d5 15. Qg4 Qd6 16. f4 Raf8 17. f5 Bc8 18. Qg3 Rxf5 19. Rxf5 Bxf5 20. Re1 Be4 21. c3 Re8 22. Be3 a6 23. b4 Qg6 24. Qxg6 Bxg6 25. Bc5 Bc2 26. Re2 Bd3 27. Re3 Bc4 28. a3 Re6 29. Rf3 Rf6 30. Kf2 e4 31. Rxf6 gxf6 32. Ke3 Kf7 33. Kf4 Kg6 34. g3 h5 35. h4 Be2 36. Bd4 Bg4 37. Bc5 1/2-1/2

[Event "GER-ch U10"]
[Site "Oberhof"]
[Date "2012.05.27"]
[Round "2"]
[White "Faal, Marcel"]
[Black "Hovhannisyan, Artur"]
[Result "1-0"]
[WhiteElo "1169"]
[BlackElo "961"]
[PlyCount "83"]
[EventDate "2012.05.27"]
[EventType "swiss"]
[EventRounds "11"]
[EventCountry "GER"]
[SourceTitle "CBM 148 Extra"]
[Source "ChessBase"]
[SourceDate "2012.06.22"]
[SourceVersion "1"]
[SourceVersionDate "2012.06.22"]
[SourceQuality "1"]

1. e4 e5 2. Nf3 Nc6 3. Bc4 h6 4. Nc3 Nf6 5. 0-0 Nxe4 6. Nxe4 d5 7. Bxd5 Qxd5 8. Nc3 Qd8 9. Re1 Bd6 10. d4 f6 11. dxe5 Nxe5 12. Bf4 Qe7 13. Qe2 Bg4 14. Bxe5 Bxe5 15. h3 Bxf3 16. Qxf3 c6 17. Qg4 0-0 18. f4 Bd4+ 19. Kh1 Qc7 20. Rad1 Bxc3 21. bxc3 Rfe8 22. Rxe8+ Rxe8 23. Rd7 Qxd7 24. Qxd7 Re2 25. Qxb7 Rxc2 26. Qb3+ Kh7 27. Qxc2+ Kg8 28. Qe4 c5 29. Qa8+ Kh7 30. Qxa7 Kg6 31. Qxc5 Kf7 32. a4 g5 33. fxg5 fxg5 34. a5 g4 35. hxg4 h5 36. a6 Ke6 37. a7 hxg4 38. a8Q g3 39. Qad5+ Kf6 40. Qcd6+ Kg7 41. Qb7+ Kg8 42. Qdb8# 1-0